000 00888nam a2200241 i 4500
001 139560
003 ES-MaACL
005 20250728110242.0
007 t|
008 070214s1940 sp |||| | spa d
080 _a1:2(04)
100 1 _aScheler, Max.
_9104283
245 1 0 _aDe lo eterno en el hombre :
_bla esencia y los atributos de Dios /
_cMax Scheler ; traducción del alemán por Julián Marías.
260 _aMadrid :
_bRevista de Occidente,
_c[1940]
300 _a259 p. ;
_c20 cm.
490 1 _aBiblioteca de la Revista de Occidente
650 0 7 _aReligión y filosofía
_2embne
_916811
700 1 _aMarías, Julián,
_d1914-2005
_976688
830 1 _aBiblioteca de la Revista de Occidente
_9181088
852 _aES-MaACL
_jA-5122
852 _aES-MaACL
_jL-32044
_z. - Donat. herederos de la bibl. de Mª del Pilar Costa Palacín
999 _c139560
_d139560